00330nam a2200121Ia 4500008004000000020001800040082001500058100002200073245002500095260003300120300001200153650004300165210210b1975 xxu||||| |||| 00| 0 eng d a0 913546 14 3 a128.2 TULR aTULKU (Tarthang). aReflections of mind. aUSAbDharma Publishingc1975 axii,198 aReflecations Mind Psychology Buddhi